Leonora Carrington: surrealism, alchemy and art

Guardat en:
Dades bibliogràfiques
Autor principal: ABERTH, Susan L
Format: Llibre
Idioma:anglès
Publicat: : Lund Humphries 2010
Etiquetes: Afegir etiqueta
Sense etiquetes, Sigues el primer a etiquetar aquest registre!

MARC

LEADER 00000nam a22000007a 4500
008 210121b ||||| |||| 00| 0 eng d
020 |a : 978-1-84822-056-0 
100 |a ABERTH, Susan L 
245 |a Leonora Carrington: surrealism, alchemy and art 
260 |b : Lund Humphries  |c 2010  |h  Farnham  |i 676324  |l NJ18 .C2705Ab3 
942 |a lcc  |c BK  |e j o ifatola  |f 21/1/2021 
952 |0 0  |1 0  |2 lcc  |4 0  |6 NJ0018 C2705 A B3  |7 0  |9 1360  |a HOL  |b HOL  |c LP  |d 2021-01-21  |l 0  |o NJ18 .C2705Ab3  |p 2021-0165  |r 2021-01-21 00:00:00  |w 2021-01-21  |y BK 
999 |c 707  |d 707